| 000 | 00989cam a22003134a 4500 | ||
|---|---|---|---|
| 001 | 13377587 | ||
| 003 | OSt | ||
| 005 | 20140310184244.0 | ||
| 008 | 031018s2003 nyua 000 0 eng | ||
| 010 | _a 2003274901 | ||
| 020 | _a043952217X | ||
| 040 |
_aDLC _cDLC _dDLC |
||
| 042 | _apcc | ||
| 050 | 0 | 0 |
_aGV 749.7 _b.L39 2003 |
| 100 | 1 |
_aLayden, Joseph, _d1959- _925367 |
|
| 245 | 1 | 0 |
_aXtreme sports : _bsummer / _cJoe Layden. |
| 246 | 1 |
_iOn cover: _aWorld's most daring-- skateboarders, surfers, in-liners, and other Xtreme athletes |
|
| 260 |
_aNew York : _bScholastic, _c2003. |
||
| 300 |
_a95 p. : _bill. ; _c20 cm. |
||
| 521 | _aG8 | ||
| 526 | _c980 | ||
| 650 | 0 |
_aExtreme sports. _925368 |
|
| 856 | 4 | 2 |
_3Publisher description _uhttp://www.loc.gov/catdir/enhancements/fy1203/2003274901-d.html |
| 906 |
_a7 _bcbc _corignew _d3 _encip _f20 _gy-gencatlg |
||
| 942 |
_2lcc _cBK-SCHOLAS |
||
| 999 |
_c33303 _d33303 |
||